Work force diversity : global experiences (Record no. 187773)

MARC details
000 -LEADER
fixed length control field 00426nam a2200157Ia 4500
008 - FIXED-LENGTH DATA ELEMENTS--GENERAL INFORMATION
fixed length control field 231217s9999 xx 000 0 und d
020 ## - INTERNATIONAL STANDARD BOOK NUMBER
International Standard Book Number 8178815370
041 ## - LANGUAGE CODE
Language code of text/sound track or separate title English
082 ## - DEWEY DECIMAL CLASSIFICATION NUMBER
Classification number 331.256 RED2;1 R
100 ## - MAIN ENTRY--PERSONAL NAME
Personal name Sumati Reddy ed.
245 #0 - TITLE STATEMENT
Title Work force diversity : global experiences
260 ## - PUBLICATION, DISTRIBUTION, ETC.
Date of publication, distribution, etc. 2005
Name of publisher, distributor, etc. Icfai
Place of publication, distribution, etc. Hyderabad
300 ## - PHYSICAL DESCRIPTION
Extent viii, 180
650 ## - SUBJECT ADDED ENTRY--TOPICAL TERM
Topical term or geographic name entry element force,diversity, , globa, experiences
942 ## - ADDED ENTRY ELEMENTS (KOHA)
Koha item type Books
Holdings
Date last seen Total checkouts Full call number Accession number Cost, total (INR) price Price effective from Category Public note Lost status Damaged status Department Withdrawn status Home library Current library Shelving location Entry date Vendor Cost, normal purchase price Grants Billnumber Billdate Currency symbol Conversion rate Discount Old discount
26/01/2024   331.256 RED2;1 R 64338 38.00 26/01/2024 Books 64338     Central Library   Central Library Central Library Central Library 10/08/2010 ICFAI Press 38.00 MBA 1993 25/02/2014 RS 1    
26/01/2024   331.256 RED2;2 R1 64339 38.00 26/01/2024 Books 64339     F-Block Annex   Central Library Central Library F-Block Library Annex 10/08/2010 ICFAI Press 38.00 MBA 1993 25/02/2014 RS 1    
26/01/2024   331.256 RED2;3 64340 38.00 26/01/2024 Books 64340     Central Library   Central Library Central Library Central Library 10/08/2010 ICFAI Press 38.00 MBA 1993 25/02/2014 RS 1    
26/01/2024   331.256 RED2;4 64341 38.00 26/01/2024 Books 64341     Central Library   Central Library Central Library Central Library 10/08/2010 ICFAI Press 38.00 MBA 1993 25/02/2014 RS 1    
26/01/2024   331.256 RED2;5 64342 38.00 26/01/2024 Books 64342     Central Library   Central Library Central Library Central Library 10/08/2010 ICFAI Press 38.00 MBA 1993 25/02/2014 RS 1    
26/01/2024   331.256 RED2;6 64343 38.00 26/01/2024 Books 64343     Central Library   Central Library Central Library Central Library 10/08/2010 ICFAI Press 38.00 MBA 1993 25/02/2014 RS 1    

© For any Suggestions or Query, please contact the library staff @ librarian@pes.edu or Phone: +9180 2672 1983/ 2108.